000 00539nam a2200181Ia 4500
999 _c3007
_d3007
003 OSt
005 20201009104949.0
008 190216s9999||||xx |||||||||||||| ||und||
020 _a9788173193668
040 _coclc
082 _a540.02854
_bKUM/C
100 _aKumari, Ramesh
_94198
245 0 _aComputers And Their Applications To Chemistry /
_cRamesh Kumari
260 _bNarosa Pubs House,
_c2002.
_aNew Delhi:
300 _a265p
650 _aChemistry
942 _cBK
_2ddc
_h540.02854
_iKUM/C
_k540.02854
_mKUM/C